000 00755nam a22001937a 4500
003 OSt
005 20260119073027.0
008 260119b |||||||| |||| 00| 0 eng d
020 _a0-87318-202-2.
040 _aDWCL-Main lib.
_cOC
082 _aCirc. 616.89 B573 1992
110 _aCommittee on Psychopathology, Group for the advancement of Psychiatry
245 _aBeyond syptom suppression :
_bimproving long term outcomes of schizophrenia/
_cCommittee on Psychopathology, Group for the advancement of Psychiatry
260 _aWashington, D. C. :
_bAmerican Psychiatric Press, Inc.,
_cc1992.
300 _ax, 117 pages ;
_c23 centimeters
504 _aIncludes index.
650 _aSchizophrenia-Treatment.
942 _2ddc
_cBK-CIRC
_hCirc.
_n0
999 _c7550
_d7550